| 000 | 00392nam a2200145Ia 4500 | ||
|---|---|---|---|
| 008 | 230312s9999||||xx |||||||||||||| ||und|| | ||
| 020 | _a1-6054-7400-7 | ||
| 082 |
_a615 _bBIC-B |
||
| 100 | _aBickley;Lynn.S | ||
| 245 | 0 | _aBates'Guide to Physical Examination and History Taking | |
| 260 |
_bLippincott _aIndia _c2009 |
||
| 300 | _a964 | ||
| 650 |
_aMedical _vPhysical examination |
||
| 942 | _cBK | ||
| 999 |
_c10213 _d10213 |
||